[Sobre] Cultura emprenedora a l'escola : diba.cat/educacio diba.cat/educacio
Descripción Física:
1 sobre de paper ; il. col. ; 15 x 32 cm
Idioma:
Catalán
MARC
| LEADER | 00000nrm a22000007a 4500 | ||
|---|---|---|---|
| 001 | 27781 | ||
| 003 | Arxiu | ||
| 005 | 20260324181514.0 | ||
| 008 | 230502b spa||||| |||| 00| 0 cat d | ||
| 040 | |a agdb |b cat | ||
| 245 | |a [Sobre] Cultura emprenedora a l'escola : |b diba.cat/educacio | ||
| 260 | |a [Barcelona : |b Diputació de Barcelona ; |c 2015-2016 ?] | ||
| 300 | |a 1 sobre de paper ; |b il. col. ; |c 15 x 32 cm | ||
| 650 | 0 | |9 54708 |a Emprenedoria |x Ensenyament | |
| 650 | 0 | |9 54709 |a Cooperatives |x Ensenyament | |
| 650 | 0 | |9 54098 |a Objectes publicitaris | |
| 710 | |9 52167 |a Barcelona (Catalunya : Província). |b Gerència de Serveis d'Educació | ||
| 710 | |9 51078 |a Barcelona (Catalunya : Província). |b Gerència de Serveis de Promoció Econòmica i Ocupació | ||
| 942 | |2 udc |c ARXIU |n 1 | ||
| 952 | |0 0 |1 0 |2 udc |4 0 |6 NBM1759 |7 1 |9 66212 |a Arxiu |b Arxiu |d 2023-05-02 |l 0 |o NBM-17-59 |p 27781 |r 2023-05-02 00:00:00 |w 2023-05-02 |y ARXIU | ||
| 999 | |c 83385 |d 83385 | ||